[Event "SC Steinfurt 1 - SC Klein-Berlin Rheine"]
[Site "Regionalliga 2021/2022"]
[Date "2021.11.13"]
[Round "3.1"]
[White "Bruemmer, Frank"]
[Black "Arning, Marcus"]
[Result "1-0"]
[WhiteElo "2169"]
[BlackElo "1946"]
[PlyCount "81"]
[EventDate "2021.??.??"]
[SourceTitle "Verband Muensterland"]
[SourceDate "2021.10.03"]
[SourceVersion "1"]
[SourceVersionDate "2021.10.03"]
[SourceQuality "1"]
[WhiteTeam "SC Klein-Berlin Rheine 1"]
[BlackTeam "SC Steinfurt 1"]

1. d4 d5 2. c4 e6 3. Nc3 Nf6 4. cxd5 exd5 5. Bg5 Nbd7 6. e3 c6 7. Qc2 Be7 8.
Bd3 Nf8 9. Nge2 Ne6 10. Bh4 g6 11. O-O O-O 12. f3 c5 13. dxc5 Nxc5 14. Rfd1 Be6
15. Nd4 Rc8 16. Bf1 Nfd7 17. Bg3 Bh4 18. Qf2 Bxg3 19. Qxg3 Qb6 20. Rd2 Nf6 21.
Rad1 Rfe8 22. Kh1 Bd7 23. Qf4 a6 24. g4 Na4 25. Nxa4 Bxa4 26. Re1 Bd7 27. h4
Re7 28. h5 Kg7 29. Bd3 h6 30. hxg6 fxg6 31. Rh2 Rh8 32. Rc1 Bc6 33. Rhc2 Rhe8
34. Rxc6 bxc6 35. Rxc6 Qxc6 36. Nxc6 Rxe3 37. Qc7+ Kg8 38. Bxg6 Re1+ 39. Kg2
R8e2+ 40. Kg3 Ne4+ 41. fxe4 1-0

[Event "SC Steinfurt 1 - SC Klein-Berlin Rheine"]
[Site "Regionalliga 2021/2022"]
[Date "2021.11.13"]
[Round "3.2"]
[White "Yust, Evgeniy"]
[Black "Langhans, Joerg"]
[Result "1/2-1/2"]
[WhiteElo "1913"]
[BlackElo "1961"]
[PlyCount "37"]
[EventDate "2021.??.??"]
[SourceTitle "Verband Muensterland"]
[SourceDate "2021.10.03"]
[SourceVersion "1"]
[SourceVersionDate "2021.10.03"]
[SourceQuality "1"]
[WhiteTeam "SC Steinfurt 1"]
[BlackTeam "SC Klein-Berlin Rheine 1"]

1. e4 e5 2. Nf3 Nf6 3. Nc3 Nc6 4. d3 d5 5. Bg5 dxe4 6. Nxe4 Be7 7. Nxf6+ Bxf6
8. Bxf6 Qxf6 9. Qc1 Nd4 10. Nxd4 exd4 11. Be2 Be6 12. O-O Bd5 13. Re1 O-O 14.
a3 a5 15. Qd2 b6 16. Rac1 c5 17. Bf1 Rfe8 18. Rxe8+ Rxe8 19. Re1 1/2-1/2

[Event "SC Steinfurt 1 - SC Klein-Berlin Rheine"]
[Site "Regionalliga 2021/2022"]
[Date "2021.11.13"]
[Round "3.3"]
[White "Langhanke, Guenther"]
[Black "Santos Brito, Daniel"]
[Result "1/2-1/2"]
[WhiteElo "1963"]
[BlackElo "1913"]
[PlyCount "37"]
[EventDate "2021.??.??"]
[SourceTitle "Verband Muensterland"]
[SourceDate "2021.10.03"]
[SourceVersion "1"]
[SourceVersionDate "2021.10.03"]
[SourceQuality "1"]
[WhiteTeam "SC Klein-Berlin Rheine 1"]
[BlackTeam "SC Steinfurt 1"]

1. e4 d6 2. d4 Nf6 3. Nc3 g6 4. f4 Bg7 5. Nf3 O-O 6. Be2 c5 7. dxc5 Qa5 8. O-O
Qxc5+ 9. Kh1 Nc6 10. Bd3 Bg4 11. Qe1 Bxf3 12. Rxf3 Nd4 13. Rg3 e6 14. Be3 e5
15. fxe5 dxe5 16. Qd2 Qd6 17. Rf1 Ne6 18. Qf2 b6 19. Be2 1/2-1/2

[Event "SC Steinfurt 1 - SC Klein-Berlin Rheine"]
[Site "Regionalliga 2021/2022"]
[Date "2021.11.13"]
[Round "3.4"]
[White "Haselhorst, Helmut"]
[Black "Bruemmer, Andreas"]
[Result "0-1"]
[WhiteElo "1980"]
[BlackElo "1920"]
[PlyCount "82"]
[EventDate "2021.??.??"]
[SourceTitle "Verband Muensterland"]
[SourceDate "2021.10.03"]
[SourceVersion "1"]
[SourceVersionDate "2021.10.03"]
[SourceQuality "1"]
[WhiteTeam "SC Steinfurt 1"]
[BlackTeam "SC Klein-Berlin Rheine 1"]

1. Nf3 c5 2. c4 g6 3. g3 Bg7 4. Bg2 Nc6 5. Nc3 d6 6. O-O e5 7. d3 Nge7 8. a3
O-O 9. Bd2 h6 10. Rb1 a5 11. Ne1 Rb8 12. Nc2 Be6 13. Ne3 f5 14. Ned5 b6 15. b4
axb4 16. axb4 Bf7 17. e3 Nxb4 18. Nxb4 cxb4 19. Nb5 d5 20. Bxb4 dxc4 21. dxc4
Bf6 22. Qb3 Qd7 23. Bd6 Rbc8 24. Rfc1 Rfd8 25. Ra1 Qe6 26. Bxe7 Bxe7 27. Bd5
Qf6 28. Na7 Rc7 29. Bxf7+ Qxf7 30. Nb5 Rcc8 31. Ra4 Bc5 32. Rd1 f4 33. exf4
exf4 34. Rxd8+ Rxd8 35. g4 Qe6 36. Qf3 Qe1+ 37. Kg2 Bxf2 38. Ra8 Qg1+ 39. Kh3
Qf1+ 40. Qg2 Qd3+ 41. Qg3 fxg3 0-1

[Event "SC Steinfurt 1 - SC Klein-Berlin Rheine"]
[Site "Regionalliga 2021/2022"]
[Date "2021.11.13"]
[Round "3.5"]
[White "Ratert, Matthias"]
[Black "Janning, Rainer"]
[Result "1/2-1/2"]
[WhiteElo "1845"]
[BlackElo "1837"]
[PlyCount "103"]
[EventDate "2021.??.??"]
[SourceTitle "Verband Muensterland"]
[SourceDate "2021.10.03"]
[SourceVersion "1"]
[SourceVersionDate "2021.10.03"]
[SourceQuality "1"]
[WhiteTeam "SC Klein-Berlin Rheine 1"]
[BlackTeam "SC Steinfurt 1"]

1. e4 c6 2. Nc3 d5 3. Qe2 e6 4. g3 dxe4 5. Nxe4 Nd7 6. d3 Ngf6 7. Bd2 Be7 8.
Bg2 O-O 9. h4 Qb6 10. O-O-O Nc5 11. Bg5 Na4 12. c3 Nxe4 13. Bxe4 f6 14. Be3 Qb5
15. d4 Qxe2 16. Nxe2 Nb6 17. f4 Nd5 18. Bd2 Nc7 19. Bd3 Bd7 20. Rhe1 Rae8 21.
Bc4 Kh8 22. Ng1 b6 23. Nf3 c5 24. dxc5 Bxc5 25. Be3 Bxe3+ 26. Rxe3 Bc6 27. Nd4
Bd5 28. Bxd5 exd5 29. Rde1 Kg8 30. Nc6 a6 31. Rxe8 Rxe8 32. Rxe8+ Nxe8 33. Ne7+
Kf7 34. Nxd5 b5 35. Kd2 Ke6 36. Ne3 g6 37. Kd3 Nd6 38. b3 f5 39. Kd4 Ne4 40. g4
Nd2 41. g5 Kd6 42. c4 Nf3+ 43. Kc3 Nxh4 44. Kb4 Kc6 45. Ka5 bxc4 46. bxc4 Nf3
47. Kxa6 Nd4 48. a4 Ne6 49. Ng2 Nc5+ 50. Ka5 Nd3 51. Ka6 Nc5+ 52. Ka5 1/2-1/2

[Event "SC Steinfurt 1 - SC Klein-Berlin Rheine"]
[Site "Regionalliga 2021/2022"]
[Date "2021.11.13"]
[Round "3.6"]
[White "Raue, Thorsten"]
[Black "Kornick, Ulrich"]
[Result "1/2-1/2"]
[WhiteElo "1782"]
[BlackElo "1874"]
[PlyCount "115"]
[EventDate "2021.??.??"]
[SourceTitle "Verband Muensterland"]
[SourceDate "2021.10.03"]
[SourceVersion "1"]
[SourceVersionDate "2021.10.03"]
[SourceQuality "1"]
[WhiteTeam "SC Steinfurt 1"]
[BlackTeam "SC Klein-Berlin Rheine 1"]

1. b4 d5 2. Bb2 Bf5 3. e3 c6 4. Nf3 Nd7 5. c4 Nb6 6. cxd5 Nxd5 7. Qb3 Nh6 8. a3
f6 9. d4 Qd6 10. Nbd2 Rd8 11. Be2 Bd7 12. O-O e6 13. Ne4 Qb8 14. b5 Be7 15. Nc5
Bxc5 16. dxc5 O-O 17. g3 Rfe8 18. Rfd1 Nf7 19. e4 Ne7 20. a4 Ng6 21. Bc4 Nge5
22. Nxe5 Nxe5 23. Be2 Nf7 24. f4 Re7 25. Bc4 Kf8 26. Rd2 f5 27. exf5 exf5 28.
Rad1 Qc8 29. Bxg7+ Kxg7 30. Qc3+ Kf8 31. Qf6 Rde8 32. Bxf7 Rxf7 33. Qh8+ Ke7
34. Rxd7+ Qxd7 35. Rxd7+ Kxd7 36. Qd4+ Kc8 37. bxc6 bxc6 38. Qd6 Kb7 39. Qd3
Ree7 40. Kf2 Rd7 41. Qb1+ Kc8 42. a5 Rd5 43. Qc2 Re7 44. Kf3 Kd7 45. Kf2 Ke6
46. a6 Kf7 47. Kf3 Kg7 48. Kf2 Re6 49. Kf3 Kf7 50. Kf2 Re4 51. Qb3 Kf6 52. Qb2+
Kg6 53. Qb7 Rxc5 54. Qxa7 Rc2+ 55. Kf3 Rc3+ 56. Kf2 Rc2+ 57. Kf3 Rc3+ 58. Kf2
1/2-1/2

[Event "SC Steinfurt 1 - SC Klein-Berlin Rheine"]
[Site "Regionalliga 2021/2022"]
[Date "2021.11.13"]
[Round "3.7"]
[White "Van Dijk, Guido"]
[Black "Schlitter, Klaus"]
[Result "1/2-1/2"]
[WhiteElo "1821"]
[BlackElo "1884"]
[PlyCount "49"]
[EventDate "2021.??.??"]
[SourceTitle "Verband Muensterland"]
[SourceDate "2021.10.03"]
[SourceVersion "1"]
[SourceVersionDate "2021.10.03"]
[SourceQuality "1"]
[WhiteTeam "SC Klein-Berlin Rheine 1"]
[BlackTeam "SC Steinfurt 1"]

1. e4 e6 2. d4 d5 3. exd5 exd5 4. Bd3 Bd6 5. c3 Ne7 6. Qc2 Nbc6 7. Ne2 Ng6 8.
g3 Bh3 9. Be3 Qf6 10. Nd2 Nce7 11. O-O-O Bf5 12. h4 Bxd3 13. Qxd3 c6 14. Bg5
Qf5 15. Qxf5 Nxf5 16. g4 Nfe7 17. h5 Nf8 18. Bf4 Kd7 19. Bxd6 Kxd6 20. Ng3 Ne6
21. Nf3 f6 22. Nh4 g6 23. h6 Rhf8 24. Nf3 Ng5 25. Nh4 1/2-1/2

[Event "TV Borken 1 - SC Rochade Emsdetten 1"]
[Site "Regionalliga 2021/2022"]
[Date "2021.11.13"]
[Round "3.1"]
[White "Bielderman, Guy"]
[Black "Schulze Schwering, Philipp"]
[Result "0-1"]
[WhiteElo "2164"]
[BlackElo "2056"]
[PlyCount "68"]
[EventDate "2021.??.??"]
[SourceTitle "Verband Muensterland"]
[SourceDate "2021.10.03"]
[SourceVersion "1"]
[SourceVersionDate "2021.10.03"]
[SourceQuality "1"]
[WhiteTeam "SC Rochade Emsdetten 1"]
[BlackTeam "TV Borken 1"]

1. c4 c6 2. Qa4 Nf6 3. Nf3 e6 4. g3 d5 5. Bg2 Nbd7 6. d3 Be7 7. O-O O-O 8. Nbd2
d4 9. Re1 Re8 10. Rb1 a5 11. a3 Nc5 12. Qc2 a4 13. b4 axb3 14. Nxb3 Nxb3 15.
Rxb3 Nd7 16. Rb1 e5 17. e3 dxe3 18. fxe3 Bf6 19. Rd1 Nc5 20. d4 exd4 21. exd4
Ne4 22. Ne5 Nd6 23. Qb3 Bf5 24. Ra1 Qc8 25. Bb2 Be6 26. Rac1 Bxe5 27. dxe5 Nxc4
28. Rxc4 b5 29. Qc3 Bxc4 30. e6 f6 31. Rd6 Ra6 32. e7 Rxe7 33. Qd2 Qf5 34. Bxc6
Qf1# 0-1

[Event "TV Borken 1 - SC Rochade Emsdetten 1"]
[Site "Regionalliga 2021/2022"]
[Date "2021.11.13"]
[Round "3.2"]
[White "Schroer, Klaus"]
[Black "Paalman, Henk Jan"]
[Result "1/2-1/2"]
[WhiteElo "1975"]
[BlackElo "2152"]
[PlyCount "46"]
[EventDate "2021.??.??"]
[SourceTitle "Verband Muensterland"]
[SourceDate "2021.10.03"]
[SourceVersion "1"]
[SourceVersionDate "2021.10.03"]
[SourceQuality "1"]
[WhiteTeam "TV Borken 1"]
[BlackTeam "SC Rochade Emsdetten 1"]

1. e4 c6 2. d4 d5 3. e5 Bf5 4. Ne2 e6 5. Ng3 Bg6 6. h4 h6 7. h5 Bh7 8. Bd3 Bxd3
9. cxd3 Qb6 10. Be3 c5 11. dxc5 Bxc5 12. d4 Bb4+ 13. Ke2 Qa6+ 14. Qd3 Ne7 15.
a3 Qxd3+ 16. Kxd3 Ba5 17. b4 Bd8 18. Nc3 a6 19. Rhb1 Nd7 20. a4 b6 21. Nge2 O-O
22. g4 Kh7 23. f4 f5 1/2-1/2

[Event "TV Borken 1 - SC Rochade Emsdetten 1"]
[Site "Regionalliga 2021/2022"]
[Date "2021.11.13"]
[Round "3.3"]
[White "Hiller, Simon"]
[Black "Beckmann, David"]
[Result "1/2-1/2"]
[WhiteElo "2146"]
[BlackElo "2003"]
[PlyCount "41"]
[EventDate "2021.??.??"]
[SourceTitle "Verband Muensterland"]
[SourceDate "2021.10.03"]
[SourceVersion "1"]
[SourceVersionDate "2021.10.03"]
[SourceQuality "1"]
[WhiteTeam "SC Rochade Emsdetten 1"]
[BlackTeam "TV Borken 1"]

1. Nf3 d5 2. c4 e6 3. g3 Nf6 4. b3 c6 5. Bg2 Be7 6. Bb2 Nbd7 7. O-O O-O 8. e3
b6 9. Nc3 Bb7 10. Rc1 a5 11. cxd5 cxd5 12. Nd4 Nc5 13. d3 Ba6 14. Nc6 Qd7 15.
Nxe7+ Qxe7 16. Ba3 Qa7 17. d4 Nd3 18. Bxf8 Nxc1 19. Ba3 Nd3 20. Qb1 Rc8 21. Ne2
1/2-1/2

[Event "TV Borken 1 - SC Rochade Emsdetten 1"]
[Site "Regionalliga 2021/2022"]
[Date "2021.11.13"]
[Round "3.4"]
[White "Vijayakumaran, Vithoosan"]
[Black "Lemli, Thomas"]
[Result "1/2-1/2"]
[WhiteElo "1757"]
[BlackElo "1997"]
[PlyCount "45"]
[EventDate "2021.??.??"]
[SourceTitle "Verband Muensterland"]
[SourceDate "2021.10.03"]
[SourceVersion "1"]
[SourceVersionDate "2021.10.03"]
[SourceQuality "1"]
[WhiteTeam "TV Borken 1"]
[BlackTeam "SC Rochade Emsdetten 1"]

1. b3 d5 2. Bb2 Nf6 3. Nf3 c6 4. e3 Bg4 5. Be2 e6 6. d3 Nbd7 7. Nbd2 Bd6 8. h3
Bxf3 9. Bxf3 O-O 10. O-O Qe7 11. Re1 Ba3 12. Qc1 Bxb2 13. Qxb2 e5 14. c4 e4 15.
Be2 exd3 16. Bxd3 Ne5 17. Be2 Rfd8 18. Rad1 Rd7 19. Nf3 Nxf3+ 20. Bxf3 Rad8 21.
cxd5 Nxd5 22. Bg4 Rd6 23. Qa3 1/2-1/2

[Event "TV Borken 1 - SC Rochade Emsdetten 1"]
[Site "Regionalliga 2021/2022"]
[Date "2021.11.13"]
[Round "3.5"]
[White "Mueller, Achim"]
[Black "Farwick, Christian"]
[Result "0-1"]
[WhiteElo "1987"]
[BlackElo "1861"]
[PlyCount "92"]
[EventDate "2021.??.??"]
[SourceTitle "Verband Muensterland"]
[SourceDate "2021.10.03"]
[SourceVersion "1"]
[SourceVersionDate "2021.10.03"]
[SourceQuality "1"]
[WhiteTeam "SC Rochade Emsdetten 1"]
[BlackTeam "TV Borken 1"]

1. d4 Nf6 2. c4 e6 3. g3 d5 4. Bg2 c6 5. Nf3 Nbd7 6. O-O Be7 7. Qc2 Ne4 8. Nfd2
f5 9. f3 Nxd2 10. Nxd2 O-O 11. Re1 Nf6 12. Nf1 h5 13. Bg5 Nh7 14. Bxe7 Qxe7 15.
Nd2 Qf6 16. Qc3 Bd7 17. e4 f4 18. exd5 exd5 19. Re5 fxg3 20. hxg3 Qg6 21. Kh2
Nf6 22. Rae1 Rae8 23. Rxe8 Rxe8 24. Rxe8+ Qxe8 25. Nf1 Qe2 26. cxd5 Nxd5 27.
Qd2 Qxd2 28. Nxd2 Nb4 29. a3 Nc2 30. Nb3 b6 31. Bh3 Be8 32. Bf5 Ne3 33. Be4 Nd1
34. Nc1 Nxb2 35. Nd3 Nxd3 36. Bxd3 Kf7 37. Kh3 Kf6 38. f4 a5 39. g4 Bd7 40. Kh4
hxg4 41. Kg3 g5 42. Be4 b5 43. fxg5+ Kxg5 44. d5 c5 45. Bc2 c4 46. Bd1 b4 0-1

[Event "TV Borken 1 - SC Rochade Emsdetten 1"]
[Site "Regionalliga 2021/2022"]
[Date "2021.11.13"]
[Round "3.6"]
[White "Boldrick, Marcel"]
[Black "Delere, Adrian"]
[Result "1-0"]
[WhiteElo "1679"]
[BlackElo "1880"]
[PlyCount "53"]
[EventDate "2021.??.??"]
[SourceTitle "Verband Muensterland"]
[SourceDate "2021.10.03"]
[SourceVersion "1"]
[SourceVersionDate "2021.10.03"]
[SourceQuality "1"]
[WhiteTeam "TV Borken 1"]
[BlackTeam "SC Rochade Emsdetten 1"]

1. e4 e5 2. Nf3 Nc6 3. Bc4 Bc5 4. c3 Nf6 5. d4 exd4 6. e5 d5 7. Bb5 Ne4 8. cxd4
Bb4+ 9. Bd2 Nxd2 10. Nbxd2 Bd7 11. O-O Bxd2 12. Qxd2 O-O 13. Bd3 Ne7 14. Rac1
Bf5 15. Rfe1 Qd7 16. Ng5 h6 17. Bxf5 Nxf5 18. e6 fxe6 19. Nxe6 Rfe8 20. Nxc7
Rxe1+ 21. Qxe1 Rc8 22. Nb5 Rc4 23. Rxc4 dxc4 24. Qe5 a6 25. Na3 Qa4 26. Qe6+
Kh8 27. Qc8+ 1-0

[Event "TV Borken 1 - SC Rochade Emsdetten 1"]
[Site "Regionalliga 2021/2022"]
[Date "2021.11.13"]
[Round "3.7"]
[White "Weist, Thorsten"]
[Black "Klueppel, Ralf"]
[Result "1/2-1/2"]
[WhiteElo "1742"]
[BlackElo "1783"]
[PlyCount "58"]
[EventDate "2021.??.??"]
[SourceTitle "Verband Muensterland"]
[SourceDate "2021.10.03"]
[SourceVersion "1"]
[SourceVersionDate "2021.10.03"]
[SourceQuality "1"]
[WhiteTeam "SC Rochade Emsdetten 1"]
[BlackTeam "TV Borken 1"]

1. d4 Nf6 2. Nf3 g6 3. c4 Bg7 4. Nc3 d5 5. cxd5 Nxd5 6. e4 Nxc3 7. bxc3 O-O 8.
Be2 c5 9. O-O Nc6 10. Be3 Bg4 11. d5 Ne5 12. Nxe5 Bxe2 13. Qxe2 Bxe5 14. Rab1
b6 15. c4 Bg7 16. a4 Qc7 17. Rb3 Qe5 18. Bd2 f5 19. Bc3 Qxe4 20. Qxe4 fxe4 21.
Bxg7 Kxg7 22. Re3 Rad8 23. Rxe4 Rd7 24. Rfe1 Rf7 25. f3 Kf8 26. Kf2 Kg7 27. h4
Kf8 28. Ke3 Rd6 29. Rf4 e6 1/2-1/2

[Event "TV Borken 1 - SC Rochade Emsdetten 1"]
[Site "Regionalliga 2021/2022"]
[Date "2021.11.13"]
[Round "3.8"]
[White "Theissen, Frank"]
[Black "Borgmann, Simon"]
[Result "1-0"]
[WhiteElo "1708"]
[BlackElo "1602"]
[PlyCount "91"]
[EventDate "2021.??.??"]
[SourceTitle "Verband Muensterland"]
[SourceDate "2021.10.03"]
[SourceVersion "1"]
[SourceVersionDate "2021.10.03"]
[SourceQuality "1"]
[WhiteTeam "TV Borken 1"]
[BlackTeam "SC Rochade Emsdetten 1"]

1. e4 d5 2. exd5 Qxd5 3. Nc3 Qa5 4. d4 c6 5. Bf4 Nf6 6. Nf3 Bg4 7. Be2 e6 8.
O-O Bb4 9. Ne5 Bxe2 10. Qxe2 O-O 11. Ne4 Nxe4 12. Qxe4 Qd5 13. Qe3 Rd8 14. c3
Be7 15. Rfe1 Nd7 16. c4 Qa5 17. Nxf7 Kxf7 18. Qxe6+ Kf8 19. Qxe7+ Kg8 20. Qe6+
Kh8 21. Be5 Nxe5 22. Rxe5 Qd2 23. Rae1 h6 24. d5 cxd5 25. cxd5 Qxb2 26. d6 Rf8
27. R5e2 Qd4 28. Qe5 Qd3 29. Qe7 Rad8 30. Qxb7 Rxd6 31. h3 Qd4 32. Qe4 Qb6 33.
Qe3 Qa5 34. f3 Rfd8 35. Qf4 Rd1 36. Rxd1 Rxd1+ 37. Kh2 Rd8 38. Qe5 Rd5 39. Qe8+
Kh7 40. Qe4+ Kg8 41. Qc4 Kf8 42. Qc8+ Rd8 43. Qe6 Qc7+ 44. Re5 Qb8 45. f4 Re8
46. Rf5# 1-0

[Event "SC Gronau 1 - SG Turm Raesfeld/Erle 2"]
[Site "Regionalliga 2021/2022"]
[Date "2021.11.13"]
[Round "3.2"]
[White "Reckzuegel, Philipp"]
[Black "Fasselt, Hendrik"]
[Result "1-0"]
[WhiteElo "1928"]
[BlackElo "1853"]
[PlyCount "77"]
[EventDate "2021.??.??"]
[SourceTitle "Verband Muensterland"]
[SourceDate "2021.10.03"]
[SourceVersion "1"]
[SourceVersionDate "2021.10.03"]
[SourceQuality "1"]
[WhiteTeam "SC Gronau 1"]
[BlackTeam "SG Turm Raesfeld/Erle 2"]

1. d4 d5 2. c4 e6 3. e3 Nf6 4. Nf3 Be7 5. Nc3 c6 6. Bd3 Nbd7 7. O-O O-O 8. b3
Re8 9. Bb2 Nf8 10. Rc1 Bd7 11. e4 dxe4 12. Nxe4 Nxe4 13. Bxe4 Bf6 14. Ne5 Qc7
15. Qf3 Rad8 16. Rfd1 Bc8 17. Qg3 c5 18. Ng4 Qxg3 19. Nxf6+ gxf6 20. hxg3 f5
21. Bf3 cxd4 22. Bxd4 a6 23. Bf6 Rxd1+ 24. Rxd1 Nd7 25. Bb2 e5 26. Bxb7 Nb6 27.
Bc6 Re6 28. Rd8+ Kg7 29. Bd5 Re7 30. Ba3 Rd7 31. Rxd7 Bxd7 32. Bb7 Bc8 33. Bxc8
Nxc8 34. Bc5 Kf6 35. b4 Ke6 36. a4 Kd7 37. b5 a5 38. Kh2 f6 39. Kh3 1-0

[Event "SC Gronau 1 - SG Turm Raesfeld/Erle 2"]
[Site "Regionalliga 2021/2022"]
[Date "2021.11.13"]
[Round "3.3"]
[White "Broemmel, Chris"]
[Black "Luetkehermoelle, Martin"]
[Result "1/2-1/2"]
[WhiteElo "1831"]
[BlackElo "1914"]
[PlyCount "44"]
[EventDate "2021.??.??"]
[SourceTitle "Verband Muensterland"]
[SourceDate "2021.10.03"]
[SourceVersion "1"]
[SourceVersionDate "2021.10.03"]
[SourceQuality "1"]
[WhiteTeam "SG Turm Raesfeld/Erle 2"]
[BlackTeam "SC Gronau 1"]

1. e4 c5 2. Nf3 Nc6 3. c3 d5 4. exd5 Qxd5 5. d4 Bg4 6. Be2 e6 7. dxc5 Qxd1+ 8.
Bxd1 Bxc5 9. O-O Nf6 10. Nbd2 O-O 11. Nb3 Bb6 12. Nfd4 Nxd4 13. Nxd4 Bxd1 14.
Rxd1 Rfd8 15. Bg5 Rd5 16. Bxf6 gxf6 17. Nf3 Rad8 18. Rxd5 Rxd5 19. Kf1 Kf8 20.
Ke2 Ke7 21. Rc1 a5 22. Rc2 Bc5 1/2-1/2

[Event "SC Gronau 1 - SG Turm Raesfeld/Erle 2"]
[Site "Regionalliga 2021/2022"]
[Date "2021.11.13"]
[Round "3.4"]
[White "Langendijk, Andre"]
[Black "Terhart, Juergen"]
[Result "0-1"]
[WhiteElo "1897"]
[BlackElo "1783"]
[PlyCount "116"]
[EventDate "2021.??.??"]
[SourceTitle "Verband Muensterland"]
[SourceDate "2021.10.03"]
[SourceVersion "1"]
[SourceVersionDate "2021.10.03"]
[SourceQuality "1"]
[WhiteTeam "SC Gronau 1"]
[BlackTeam "SG Turm Raesfeld/Erle 2"]

1. d4 c6 2. c4 d5 3. Nc3 Nf6 4. Nf3 e6 5. Bg5 Be7 6. e3 Nbd7 7. Bd3 dxc4 8.
Bxc4 b5 9. Bd3 a6 10. O-O Bb7 11. Rc1 Rc8 12. Qe2 c5 13. Rfd1 Nd5 14. Bxe7 Qxe7
15. dxc5 Nxc3 16. Rxc3 Rxc5 17. Rdc1 Rxc3 18. Rxc3 O-O 19. Rc7 Bxf3 20. gxf3
Qd6 21. Qc2 Ne5 22. Bxh7+ Kh8 23. Be4 f5 24. Bb7 Nc4 25. Rxc4 bxc4 26. Qxc4
Qd1+ 27. Qf1 Qxf1+ 28. Kxf1 a5 29. b3 g5 30. Ba6 Kg7 31. Bc4 Kf6 32. a4 e5 33.
Kg2 Ke7 34. Bd3 Ke6 35. Bb5 Kd6 36. h3 Kc5 37. Bc4 Kb4 38. Kg3 Rh8 39. Be6 Rh4
40. Kg2 Kc3 41. Bxf5 Kxb3 42. Bd7 Kc3 43. Kg3 Rb4 44. e4 Rb2 45. Kg4 Rxf2 46.
Kxg5 Rxf3 47. h4 Kd4 48. h5 Rf2 49. Bf5 Kc5 50. h6 Kb4 51. h7 Rh2 52. Kf6 Kxa4
53. Kg7 Kb4 54. h8=Q Rxh8 55. Kxh8 a4 56. Kg7 Kc3 57. Kf6 Kd4 58. Be6 Kxe4 0-1

[Event "SC Gronau 1 - SG Turm Raesfeld/Erle 2"]
[Site "Regionalliga 2021/2022"]
[Date "2021.11.13"]
[Round "3.5"]
[White "Kadenbach, Wolfgang"]
[Black "Rothkegel, Juergen"]
[Result "1/2-1/2"]
[WhiteElo "1741"]
[BlackElo "1882"]
[PlyCount "63"]
[EventDate "2021.??.??"]
[SourceTitle "Verband Muensterland"]
[SourceDate "2021.10.03"]
[SourceVersion "1"]
[SourceVersionDate "2021.10.03"]
[SourceQuality "1"]
[WhiteTeam "SG Turm Raesfeld/Erle 2"]
[BlackTeam "SC Gronau 1"]

1. d4 Nf6 2. Nf3 e6 3. c4 d5 4. Nc3 c6 5. Bg5 Be7 6. e3 Nbd7 7. Rc1 O-O 8. Bd3
dxc4 9. Bxc4 Nd5 10. Bxe7 Qxe7 11. O-O Nxc3 12. Rxc3 e5 13. dxe5 Nxe5 14. Nxe5
Qxe5 15. f4 Qe7 16. f5 Qf6 17. e4 b5 18. Bb3 Bb7 19. e5 Qxe5 20. f6 Rad8 21.
Qg4 Qd4+ 22. Qxd4 Rxd4 23. fxg7 Kxg7 24. Rg3+ Kh8 25. Rf6 c5 26. Rxf7 Rxf7 27.
Bxf7 Rd8 28. b3 Rd1+ 29. Kf2 Rd2+ 30. Kf1 h6 31. a4 Rd8 32. Ke1 1/2-1/2

[Event "SC Gronau 1 - SG Turm Raesfeld/Erle 2"]
[Site "Regionalliga 2021/2022"]
[Date "2021.11.13"]
[Round "3.6"]
[White "Tsoukkerman, Boris"]
[Black "Boelker, Franz"]
[Result "1/2-1/2"]
[WhiteElo "1855"]
[BlackElo "1759"]
[PlyCount "73"]
[EventDate "2021.??.??"]
[SourceTitle "Verband Muensterland"]
[SourceDate "2021.10.03"]
[SourceVersion "1"]
[SourceVersionDate "2021.10.03"]
[SourceQuality "1"]
[WhiteTeam "SC Gronau 1"]
[BlackTeam "SG Turm Raesfeld/Erle 2"]

1. Nf3 Nf6 2. d4 e6 3. g3 b6 4. Bg2 Bb7 5. O-O Be7 6. Nbd2 O-O 7. c4 d6 8. b3
Nbd7 9. Bb2 c5 10. Re1 Ne4 11. Qc2 Nxd2 12. Nxd2 Bxg2 13. Kxg2 cxd4 14. Bxd4
Bf6 15. Nf3 Qc7 16. Rac1 Rac8 17. Qd2 Rfd8 18. e4 Qb7 19. Bxf6 Nxf6 20. Qe2 b5
21. Nd2 bxc4 22. Rxc4 d5 23. Rxc8 Rxc8 24. e5 Nd7 25. Nf3 Qc7 26. Nd4 Qc5 27.
Rd1 Qc3 28. f4 g6 29. Rd2 Qc1 30. Qd1 Qxd1 31. Rxd1 Rc3 32. Rd2 a6 33. Rc2
Rxc2+ 34. Nxc2 Kf8 35. Kf2 Nb8 36. h4 h5 37. Ke3 1/2-1/2

[Event "SC Gronau 1 - SG Turm Raesfeld/Erle 2"]
[Site "Regionalliga 2021/2022"]
[Date "2021.11.13"]
[Round "3.7"]
[White "Droste, Laurenz"]
[Black "Reinhold, Klaus"]
[Result "1-0"]
[WhiteElo "1591"]
[BlackElo "1813"]
[PlyCount "63"]
[EventDate "2021.??.??"]
[SourceTitle "Verband Muensterland"]
[SourceDate "2021.10.03"]
[SourceVersion "1"]
[SourceVersionDate "2021.10.03"]
[SourceQuality "1"]
[WhiteTeam "SG Turm Raesfeld/Erle 2"]
[BlackTeam "SC Gronau 1"]

1. f4 d5 2. e3 g6 3. c4 c6 4. Nc3 Nf6 5. cxd5 cxd5 6. Nf3 Nc6 7. Bb5 a6 8.
Bxc6+ bxc6 9. Ne5 Qc7 10. Qa4 Bd7 11. b3 c5 12. Nxd7 Qxd7 13. Qxd7+ Kxd7 14.
Ba3 e6 15. Na4 c4 16. Bb2 Ke7 17. bxc4 dxc4 18. Nb6 Rd8 19. Nxc4 Bg7 20. Rc1
Rc8 21. O-O Ne8 22. Ba3+ Kd8 23. Nb6 Rc7 24. Rxc7 Kxc7 25. Nc4 Bf8 26. Bb2 f6
27. Rc1 Kb7 28. Bd4 Bg7 29. Na5+ Kb8 30. Nc6+ Ka8 31. Nd8 Nd6 32. Nxe6 1-0

[Event "SC Gronau 1 - SG Turm Raesfeld/Erle 2"]
[Site "Regionalliga 2021/2022"]
[Date "2021.11.13"]
[Round "3.8"]
[White "Baer, Klaus"]
[Black "Ridder, David"]
[Result "1/2-1/2"]
[WhiteElo "1672"]
[BlackElo "1643"]
[PlyCount "89"]
[EventDate "2021.??.??"]
[SourceTitle "Verband Muensterland"]
[SourceDate "2021.10.03"]
[SourceVersion "1"]
[SourceVersionDate "2021.10.03"]
[SourceQuality "1"]
[WhiteTeam "SC Gronau 1"]
[BlackTeam "SG Turm Raesfeld/Erle 2"]

1. d4 Nf6 2. Bf4 g6 3. e3 Bg7 4. Nf3 O-O 5. h3 d6 6. Nbd2 Nh5 7. Bh2 f5 8. Bd3
Nc6 9. Bc4+ e6 10. c3 Kh8 11. Qc2 a6 12. Bd3 e5 13. dxe5 dxe5 14. Be2 b5 15. a3
e4 16. Nd4 Bd7 17. Bxh5 gxh5 18. Rd1 Ne5 19. Bxe5 Bxe5 20. N2b3 Qe7 21. h4 c5
22. Ne2 Be6 23. Nf4 Bxf4 24. exf4 Bc4 25. Na5 Bd3 26. Qd2 Qc7 27. Nb3 Rad8 28.
Qe3 Rd5 29. Nc1 c4 30. g3 Rfd8 31. Rg1 Bc2 32. Rd4 Rxd4 33. cxd4 Bd3 34. Ne2
Qa5+ 35. Kf1 c3 36. bxc3 Qxc3 37. Kg2 Bxe2 38. Qxe2 Rxd4 39. Qxh5 Qf3+ 40. Qxf3
exf3+ 41. Kxf3 Rd3+ 42. Ke2 Rxa3 43. Rb1 Kg7 44. Rb4 Kf6 45. Kd2 1/2-1/2